| 000 | 01027cam a2200313 i 4500 | ||
|---|---|---|---|
| 001 | 41873 | ||
| 003 | Mx-PuUPA | ||
| 005 | 20250719135050.0 | ||
| 008 | 140415s1968 mx gr 000 0 spa d | ||
| 020 | _a968294256X | ||
| 040 |
_cMx-PuUPA _aMx-PuUPA _bspa _dMx-PuUPA _erda |
||
| 041 | 0 | _aspa | |
| 100 | 1 |
_aPound, Ezra, _d1885-1972 _917313 _eautor |
|
| 245 | 1 | 0 |
_aEnsayos literarios / _cEzra Pound |
| 250 | _aPrimera edición | ||
| 264 | 1 |
_aMéxico, D.F. : _bConsejo Nacional para la Cultura y las Artes, _c©1968 |
|
| 300 |
_a460 páginas ; _c21 cm |
||
| 336 |
_2rdacontent _atexto _btxt |
||
| 337 |
_2rdamedia _asin medio _bn |
||
| 338 |
_2rdacarrier _avolumen _bnc |
||
| 490 | 0 | _aCien del mundo | |
| 650 | 7 |
_2armarc _aLiteratura europea _xHistoria y crítica |
|
| 650 | 7 |
_2armarc _aPoesía _xHistoria y crítica |
|
| 650 | 7 |
_2armarc _aPoética |
|
| 942 |
_2ddc _cLI _h809.894 _iP87 |
||
| 999 |
_c41873 _d41873 |
||